[Event "RUS-chT2"]
[Site "Sochi"]
[Date "2008.04.03"]
[Round "1"]
[White "Batsanin, Dmitry"]
[Black "Papin, Vasily"]
[Result "0-1"]
[WhiteElo "2474"]
[BlackElo "2475"]
[PlyCount "90"]
[EventDate "2008.04.03"]
[EventType "team"]
[EventRounds "9"]
[EventCountry "RUS"]
[SourceTitle "CBM 123 Extra"]
[Source "ChessBase"]
[SourceDate "2008.05.06"]
[SourceVersion "1"]
[SourceVersionDate "2008.05.06"]
[SourceQuality "1"]

1. e4 c5 2. Nf3 e6 3. c3 Nf6 4. e5 Nd5 5. d4 cxd4 6. cxd4 d6 7. a3 Bd7 8. Bd3 Bc6 9. 0-0 Nd7 10. b4 a6 11. Re1 Rc8 12. Bg5 Be7 13. Bxe7 Qxe7 14. Nbd2 0-0 15. Rc1 dxe5 16. dxe5 Nf4 17. Bf1 Rfd8 18. Qb3 Ng6 19. Qb2 Nb6 20. g3 h6 21. h4 Qd7 22. Ne4 Na4 23. Qa1 Bd5 24. Bg2 Ne7 25. Rxc8 Rxc8 26. Nd6 Rc3 27. Nd4 Bxg2 28. Kxg2 Nc8 29. Ne2 Rc6 30. Nxc8 Rxc8 31. Qd1 Qc6+ 32. Kg1 Nb2 33. Qd4 Nc4 34. Rc1 b5 35. Nf4 Qa8 36. Qc3 Rd8 37. Re1 Rd2 38. Ng2 Ra2 39. Nf4 Qa7 40. Qf3 Rxa3 41. Qc6 Rxg3+ 42. Ng2 Rd3 43. Nf4 Rd4 44. Nh5 Rg4+ 45. Kf1 Qd4 0-1

[Event "DV FR-chT"]
[Site "Vladivostok"]
[Date "2007.10.04"]
[Round "6"]
[White "Batsanin, Dmitry"]
[Black "Gritsenko, Andrey"]
[Result "1-0"]
[WhiteElo "2468"]
[BlackElo "2314"]
[PlyCount "77"]
[EventDate "2007.09.29"]
[EventType "team-tourn"]
[EventRounds "7"]
[EventCountry "RUS"]
[SourceTitle "EXT 2022"]
[Source "ChessBase"]
[SourceDate "2021.10.06"]
[SourceVersion "1"]
[SourceVersionDate "2021.10.06"]
[SourceQuality "1"]

1. e4 c5 2. Nf3 d6 3. c3 Nf6 4. h3 e6 5. Bd3 Nc6 6. 0-0 Be7 7. Bc2 0-0 8. Qe2 b6 9. Rd1 Bb7 10. a3 Qc7 11. d4 cxd4 12. cxd4 d5 13. e5 Ne4 14. Be3 Rac8 15. Bd3 Na5 16. Nbd2 Qd7 17. Bf4 Nxd2 18. Nxd2 Nc4 19. Nf3 Bc6 20. Ng5 Bxg5 21. Bxg5 f5 22. exf6 gxf6 23. Bh6 Rfe8 24. Rac1 Nd6 25. Rc3 Ba4 26. Rdc1 Rxc3 27. Rxc3 Kh8 28. Qf3 Qe7 29. Qh5 Bb5 30. Bb1 Rg8 31. Bf4 Nc4 32. b3 Be8 33. Qh4 Nxa3 34. Bd6 Qg7 35. Rg3 Nxb1 36. Rxg7 Kxg7 37. Be7 Bg6 38. Qxf6+ Kh6 39. Bd6 1-0

[Event "DV FR-chT"]
[Site "Vladivostok"]
[Date "2007.10.03"]
[Round "5"]
[White "Batsanin, Dmitry"]
[Black "Dolgova, Olga"]
[Result "1-0"]
[WhiteElo "2468"]
[BlackElo "2224"]
[PlyCount "77"]
[EventDate "2007.09.29"]
[EventType "team-tourn"]
[EventRounds "7"]
[EventCountry "RUS"]
[SourceTitle "EXT 2022"]
[Source "ChessBase"]
[SourceDate "2021.10.06"]
[SourceVersion "1"]
[SourceVersionDate "2021.10.06"]
[SourceQuality "1"]

1. e4 c6 2. c4 d5 3. cxd5 cxd5 4. exd5 Nf6 5. Nc3 Nxd5 6. Nf3 Nc6 7. d4 e6 8. Bc4 Nb6 9. Bb3 Be7 10. 0-0 0-0 11. a3 Bf6 12. Be3 g6 13. Re1 Ne7 14. Bh6 Bg7 15. Bxg7 Kxg7 16. Qe2 Qd6 17. Ne4 Qb8 18. Rad1 Nbd5 19. Ne5 Nf5 20. Qd2 Qc7 21. Bxd5 exd5 22. Rc1 Qb6 23. Nc5 Qd6 24. g4 Ne7 25. Qf4 b6 26. Ncd3 Ba6 27. Nb4 Bc8 28. Rc3 a5 29. Nc2 Ra7 30. Ne3 Qf6 31. Qxf6+ Kxf6 32. Nc6 Nxc6 33. Rxc6+ Kg7 34. Rxb6 Be6 35. Rc1 a4 36. Rc5 Rd8 37. Kg2 Kf8 38. f4 Bc8 39. Rb8 1-0

[Event "RUS-chT2"]
[Site "Sochi"]
[Date "2007.05.09"]
[Round "7"]
[White "Kljucharev, Sergey"]
[Black "Batsanin, Dmitry"]
[Result "0-1"]
[WhiteElo "2314"]
[BlackElo "2452"]
[PlyCount "90"]
[EventDate "2007.05.03"]
[EventType "team"]
[EventRounds "9"]
[EventCountry "RUS"]
[SourceTitle "CBM 118 Extra"]
[Source "ChessBase"]
[SourceDate "2007.07.04"]
[SourceVersion "1"]
[SourceVersionDate "2007.07.04"]
[SourceQuality "1"]

1. Nf3 d5 2. d4 Nf6 3. c4 c6 4. Nc3 dxc4 5. a4 Bf5 6. e3 e6 7. Bxc4 Bb4 8. 0-0 Nbd7 9. Nh4 0-0 10. Nxf5 exf5 11. Qb3 Qe7 12. Be2 Rab8 13. Bf3 a6 14. Rd1 Bd6 15. Bd2 Ne4 16. Be1 Ndf6 17. Rac1 Rfe8 18. g3 h5 19. Qc4 h4 20. Rb1 Ng5 21. Bg2 hxg3 22. hxg3 Ng4 23. Qd3 Qf6 24. Ne2 Re4 25. b4 Rbe8 26. Rb3 Qh6 27. b5 Nh2 28. Nc3 Nh3+ 29. Bxh3 Qxh3 30. Qe2 g5 31. Nb1 g4 32. Nd2 f4 33. f3 Nxf3+ 34. Nxf3 gxf3 35. Qxf3 Rxe3 36. Rxe3 Rxe3 37. Qg2 Qxg2+ 38. Kxg2 fxg3 39. bxa6 bxa6 40. Rc1 Bf4 41. Rb1 f5 42. Bb4 Re2+ 43. Kf1 Rf2+ 44. Ke1 Rh2 45. Rb3 Rh1+ 0-1

[Event "RUS-chT2 13th"]
[Site "Sochi"]
[Date "2006.04.21"]
[Round "2"]
[White "Batsanin, Dmitry"]
[Black "Karpov, Vadim"]
[Result "1/2-1/2"]
[WhiteElo "2441"]
[BlackElo "2391"]
[PlyCount "50"]
[EventDate "2006.04.20"]
[EventType "team"]
[EventRounds "11"]
[EventCountry "RUS"]
[SourceTitle "EXT 2007"]
[Source "ChessBase"]
[SourceDate "2006.11.23"]
[SourceVersion "1"]
[SourceVersionDate "2006.11.23"]
[SourceQuality "1"]

1. e4 e6 2. d4 d5 3. Nd2 dxe4 4. Nxe4 Bd7 5. Nf3 Bc6 6. Ng3 Nd7 7. Bd3 Ngf6 8. 0-0 Be7 9. b3 0-0 10. Bb2 Re8 11. c4 Bxf3 12. Qxf3 c6 13. Rad1 Qc7 14. Bb1 Rad8 15. Rfe1 Nf8 16. h4 Rd7 17. h5 h6 18. Ne4 Nxe4 19. Rxe4 Bf6 20. Rg4 Qd8 21. Qg3 Qb8 22. Qf3 Qd8 23. Qg3 Qb8 24. Qf3 Qd8 25. Qg3 Qb8 1/2-1/2

[Event "Moscow Aeroflot op-B"]
[Site "Moscow"]
[Date "2006.02.12"]
[Round "6"]
[White "Batsanin, Dmitry"]
[Black "Lushenkov, Mikhail M"]
[Result "1-0"]
[WhiteElo "2441"]
[BlackElo "2368"]
[PlyCount "67"]
[EventDate "2006.02.07"]
[EventType "swiss"]
[EventRounds "9"]
[EventCountry "RUS"]
[SourceTitle "EXT 2007"]
[Source "ChessBase"]
[SourceDate "2006.11.23"]
[SourceVersion "1"]
[SourceVersionDate "2006.11.23"]
[SourceQuality "1"]

1. e4 e6 2. d4 d5 3. Nd2 Be7 4. Bd3 Nf6 5. e5 Nfd7 6. f4 c5 7. c3 Nc6 8. Ne2 f6 9. Nf3 Qb6 10. a3 a5 11. Bc2 Qa7 12. 0-0 cxd4 13. cxd4 0-0 14. Kh1 f5 15. Rg1 b5 16. g4 Nb6 17. b3 Bd7 18. gxf5 exf5 19. Bb1 Rac8 20. Ng3 Kh8 21. Ra2 Nd8 22. Rag2 g6 23. h4 Ne6 24. h5 Be8 25. Rh2 Qc7 26. Bd2 Qd8 27. Qf1 a4 28. bxa4 bxa4 29. hxg6 Bxg6 30. Nxf5 Nxf4 31. Bxf4 Rc6 32. Nxe7 Bxb1 33. Nxc6 Qd7 34. Qxb1 1-0

[Event "Moscow Aeroflot op-B"]
[Site "Moscow"]
[Date "2006.02.10"]
[Round "4"]
[White "Spoelman, Wouter"]
[Black "Batsanin, Dmitry"]
[Result "1-0"]
[WhiteElo "2442"]
[BlackElo "2441"]
[PlyCount "77"]
[EventDate "2006.02.07"]
[EventType "swiss"]
[EventRounds "9"]
[EventCountry "RUS"]
[SourceTitle "EXT 2007"]
[Source "ChessBase"]
[SourceDate "2006.11.23"]
[SourceVersion "1"]
[SourceVersionDate "2006.11.23"]
[SourceQuality "1"]

1. e4 c5 2. Nf3 Nc6 3. d4 cxd4 4. Nxd4 Nf6 5. Nc3 e5 6. Ndb5 d6 7. Bg5 a6 8. Na3 b5 9. Bxf6 gxf6 10. Nd5 f5 11. Bd3 Be6 12. 0-0 Bxd5 13. exd5 Ne7 14. c3 Bg7 15. Qh5 e4 16. Bc2 0-0 17. Rae1 Qc8 18. Kh1 Rb8 19. f3 b4 20. fxe4 bxa3 21. exf5 Ng6 22. f6 Bh8 23. Re3 axb2 24. Rh3 Qxh3 25. gxh3 Rfc8 26. Qf3 Rc4 27. Rb1 Rf4 28. Qg3 Rxf6 29. c4 Re8 30. Bd3 Bg7 31. Rxb2 Nf4 32. Rb1 Nxd3 33. Qxd3 Rg6 34. Rg1 Rb8 35. Rxg6 hxg6 36. c5 dxc5 37. d6 Bd4 38. d7 Kf8 39. Qxa6 1-0

[Event "Primorie-ch PL"]
[Site "Vladivostok"]
[Date "2006.??.??"]
[Round "8"]
[White "Batsanin, Dmitry"]
[Black "Kharitonov, Egor"]
[Result "1-0"]
[WhiteElo "2440"]
[BlackElo "2316"]
[PlyCount "77"]
[EventDate "2006.12.02"]
[EventType "swiss"]
[EventRounds "9"]
[EventCountry "RUS"]
[SourceTitle "EXT 2019"]
[Source "ChessBase"]
[SourceDate "2018.10.10"]
[SourceVersion "1"]
[SourceVersionDate "2018.10.10"]
[SourceQuality "1"]

1. e4 c5 2. c3 d5 3. exd5 Qxd5 4. d4 Nf6 5. Nf3 e6 6. Be3 cxd4 7. cxd4 Nc6 8. Nc3 Qd6 9. a3 Be7 10. Bd3 0-0 11. 0-0 b6 12. Qe2 Bb7 13. Rad1 Rac8 14. Rfe1 Qb8 15. Bb1 Rfe8 16. h3 Ba8 17. Bg5 Rcd8 18. Qd3 g6 19. Qe3 Qb7 20. Ba2 Nd5 21. Nxd5 exd5 22. Qf4 Bxg5 23. Qxg5 Ne7 24. Ne5 Kg7 25. Ng4 Ng8 26. h4 h6 27. Qd2 Re4 28. f3 Rxe1+ 29. Rxe1 h5 30. Ne5 Re8 31. Qg5 Qe7 32. Rc1 Bb7 33. Qf4 Rf8 34. Nd3 Rd8 35. Qe5+ Qxe5 36. Nxe5 Re8 37. Nxf7 Kxf7 38. Rc7+ Kf6 39. Rxb7 1-0

[Event "Primorie-ch PL"]
[Site "Vladivostok"]
[Date "2006.??.??"]
[Round "9"]
[White "Kravtsov, Sergey"]
[Black "Batsanin, Dmitry"]
[Result "0-1"]
[WhiteElo "2355"]
[BlackElo "2440"]
[PlyCount "66"]
[EventDate "2006.12.02"]
[EventType "swiss"]
[EventRounds "9"]
[EventCountry "RUS"]
[SourceTitle "EXT 2019"]
[Source "ChessBase"]
[SourceDate "2018.10.10"]
[SourceVersion "1"]
[SourceVersionDate "2018.10.10"]
[SourceQuality "1"]

1. e4 c5 2. Nf3 Nc6 3. Bb5 g6 4. 0-0 Bg7 5. Qe2 e5 6. Qc4 d6 7. b4 Be6 8. Qc3 Nf6 9. d3 0-0 10. Bxc6 cxb4 11. Qxb4 bxc6 12. Ba3 c5 13. Qa4 Nd7 14. Bc1 h6 15. c4 f5 16. Nfd2 f4 17. f3 g5 18. Nc3 Rf7 19. Rb1 h5 20. Rf2 g4 21. fxg4 hxg4 22. Nf1 Nb6 23. Qd1 Qe7 24. Rbb2 Raf8 25. g3 Qg5 26. Bd2 Qh6 27. Be1 Qh3 28. a4 Nd7 29. Nb5 Nf6 30. gxf4 exf4 31. Nxd6 g3 32. hxg3 fxg3 33. Rg2 Ng4 0-1

[Event "RUS-chT 12th"]
[Site "Sochi"]
[Date "2005.04.23"]
[Round "7"]
[White "Vokarev, Sergey"]
[Black "Batsanin, Dmitry"]
[Result "1/2-1/2"]
[WhiteElo "2491"]
[BlackElo "2467"]
[PlyCount "104"]
[EventDate "2005.04.19"]
[EventType "team-tourn"]
[EventRounds "11"]
[EventCountry "RUS"]
[SourceTitle "EXT 2020"]
[Source "ChessBase"]
[SourceDate "2019.10.17"]
[SourceVersion "1"]
[SourceVersionDate "2019.10.17"]
[SourceQuality "1"]
[WhiteTeam "Nizhny Tagil Politekhnik"]
[BlackTeam "Vladivostok Debiut-DVGU"]
[WhiteTeamCountry "RUS"]
[BlackTeamCountry "RUS"]

1. e4 c5 2. Nf3 Nc6 3. Bb5 g6 4. 0-0 Bg7 5. Re1 e5 6. Bxc6 dxc6 7. d3 Qe7 8. Nbd2 Nh6 9. a3 0-0 10. Nc4 f6 11. b4 Be6 12. Nfd2 Rfd8 13. Rf1 b6 14. Qe2 Nf7 15. Bb2 Nd6 16. Nxd6 Qxd6 17. Bc3 Bh6 18. Nb3 cxb4 19. axb4 Qe7 20. Rab1 Qf7 21. Rb2 Rd7 22. Re1 Rad8 23. Ra1 Bxb3 24. Rxb3 Rxd3 25. Rba3 R3d7 26. Be1 Bf8 27. Ra6 Bd6 28. c4 c5 29. b5 Bb8 30. R6a3 Rd4 31. Rc1 Qd7 32. Qf1 Kh8 33. Bc3 Rd3 34. Rca1 Qe6 35. Be1 R3d4 36. Rc1 f5 37. Re3 f4 38. Ra3 Kg8 39. Ra2 h5 40. f3 g5 41. Rd2 R8d6 42. Rcc2 Kf7 43. Rxd4 exd4 44. Qd3 Qe5 45. Rf2 Rg6 46. Bd2 Re6 47. Bc1 Qg7 48. Kf1 Bd6 49. Ke2 Be5 50. Kd1 Rf6 51. Kc2 Ke6 52. Qd1 Kd6 1/2-1/2

[Event "RUS-chT 12th"]
[Site "Sochi"]
[Date "2005.04.22"]
[Round "4"]
[White "Batsanin, Dmitry"]
[Black "Ivanov, Sergey"]
[Result "1/2-1/2"]
[WhiteElo "2467"]
[BlackElo "2572"]
[PlyCount "89"]
[EventDate "2005.04.19"]
[EventType "team-tourn"]
[EventRounds "11"]
[EventCountry "RUS"]
[SourceTitle "EXT 2020"]
[Source "ChessBase"]
[SourceDate "2019.10.17"]
[SourceVersion "1"]
[SourceVersionDate "2019.10.17"]
[SourceQuality "1"]
[WhiteTeam "Vladivostok Debiut-DVGU"]
[BlackTeam "Saransk TPS"]
[WhiteTeamCountry "RUS"]
[BlackTeamCountry "RUS"]

1. e4 e6 2. d4 d5 3. Nd2 c5 4. exd5 Qxd5 5. Ngf3 cxd4 6. Bc4 Qd6 7. 0-0 Nf6 8. Nb3 Nc6 9. Nbxd4 Nxd4 10. Nxd4 a6 11. Bb3 Qc7 12. Qf3 Bd6 13. Kh1 Be5 14. c3 Bd7 15. Bg5 h6 16. Bh4 g5 17. Bg3 Bf4 18. Bxf4 gxf4 19. Rae1 0-0-0 20. Qe2 Rhg8 21. Qe5 Ng4 22. Qxc7+ Kxc7 23. h3 Nf6 24. Re2 Rg7 25. Kh2 Rdg8 26. Rg1 Bc6 27. Nxc6 bxc6 28. f3 Nd5 29. Bxd5 cxd5 30. Rd1 Rg5 31. Rd4 Rf5 32. c4 Rd8 33. Red2 Kc6 34. Kg1 Kc5 35. Kf2 a5 36. Ke2 Rb8 37. cxd5 exd5 38. Kd3 Re8 39. Rc2+ Kb5 40. Rc7 Re1 41. Rd7 Kc6 42. Ra7 Kb6 43. Rd7 Kc6 44. Ra7 Kb6 45. Rd7 1/2-1/2

[Event "RUS-chT 12th"]
[Site "Sochi"]
[Date "2005.04.21"]
[Round "3"]
[White "Frolyanov, Dmitry"]
[Black "Batsanin, Dmitry"]
[Result "1/2-1/2"]
[WhiteElo "2505"]
[BlackElo "2467"]
[PlyCount "56"]
[EventDate "2005.04.19"]
[EventType "team-tourn"]
[EventRounds "11"]
[EventCountry "RUS"]
[SourceTitle "EXT 2020"]
[Source "ChessBase"]
[SourceDate "2019.10.17"]
[SourceVersion "1"]
[SourceVersionDate "2019.10.17"]
[SourceQuality "1"]
[WhiteTeam "Togliatti Lada"]
[BlackTeam "Vladivostok Debiut-DVGU"]
[WhiteTeamCountry "RUS"]
[BlackTeamCountry "RUS"]

1. e4 c5 2. Nf3 Nc6 3. d4 cxd4 4. Nxd4 Nf6 5. Nc3 e5 6. Ndb5 d6 7. Bg5 a6 8. Na3 b5 9. Bxf6 gxf6 10. Nd5 f5 11. c3 Bg7 12. exf5 Bxf5 13. Nc2 0-0 14. Nce3 Be6 15. g3 f5 16. Bg2 Rb8 17. 0-0 Kh8 18. f4 e4 19. Qe2 Ne7 20. Rad1 Nxd5 21. Nxd5 Qc8 22. Kh1 Qc5 23. Qd2 a5 24. g4 Bxd5 25. Qxd5 e3 26. Qxc5 dxc5 27. Rde1 fxg4 28. Rxe3 b4 1/2-1/2

[Event "RUS-chT 12th"]
[Site "Sochi"]
[Date "2005.04.20"]
[Round "2"]
[White "Batsanin, Dmitry"]
[Black "Amonatov, Farrukh"]
[Result "1/2-1/2"]
[WhiteElo "2467"]
[BlackElo "2599"]
[PlyCount "51"]
[EventDate "2005.04.19"]
[EventType "team-tourn"]
[EventRounds "11"]
[EventCountry "RUS"]
[SourceTitle "EXT 2020"]
[Source "ChessBase"]
[SourceDate "2019.10.17"]
[SourceVersion "1"]
[SourceVersionDate "2019.10.17"]
[SourceQuality "1"]
[WhiteTeam "Vladivostok Debiut-DVGU"]
[BlackTeam "Samara Termosteps"]
[WhiteTeamCountry "RUS"]
[BlackTeamCountry "RUS"]

1. e4 c5 2. Nf3 d6 3. Bb5+ Bd7 4. Bxd7+ Qxd7 5. c4 Nc6 6. Nc3 g6 7. d4 cxd4 8. Nxd4 Bg7 9. Nde2 Nf6 10. 0-0 0-0 11. f3 a6 12. a4 e6 13. Bg5 Qc7 14. Kh1 Nd7 15. Rb1 Nc5 16. b3 Rac8 17. Qc2 Rfe8 18. Rfd1 Nb4 19. Qd2 Ncd3 20. Bh4 Qb6 21. Nc1 Nc5 22. N1e2 Ncd3 23. Nc1 Nc5 24. N1e2 Ncd3 25. Nc1 Nc5 26. N1e2 1/2-1/2

[Event "RUS-chT 11th"]
[Site "Sochi"]
[Date "2004.04.28"]
[Round "9.5"]
[White "Batsanin, Dmitry"]
[Black "Loginov, Valery A"]
[Result "1-0"]
[WhiteElo "2429"]
[BlackElo "2516"]
[PlyCount "133"]
[EventDate "2004.04.20"]
[EventType "team-tourn"]
[EventRounds "9"]
[EventCountry "RUS"]
[SourceTitle "EXT 2020"]
[Source "ChessBase"]
[SourceDate "2019.10.17"]
[SourceVersion "1"]
[SourceVersionDate "2019.10.17"]
[SourceQuality "1"]
[WhiteTeam "Vladivostok Debiut-DVGU"]
[BlackTeam "Sankt Petersburg"]
[WhiteTeamCountry "RUS"]
[BlackTeamCountry "RUS"]

1. e4 c5 2. Nf3 d6 3. Bb5+ Bd7 4. Bxd7+ Qxd7 5. c4 Nc6 6. Nc3 g6 7. d4 cxd4 8. Nxd4 Bg7 9. Nde2 Nf6 10. 0-0 0-0 11. f3 a6 12. a4 Rfc8 13. b3 Qd8 14. Rb1 Nd7 15. Bg5 Rab8 16. Kh1 Nc5 17. Bh4 Qf8 18. f4 Nb4 19. Rf3 b6 20. Qd2 Rb7 21. Nd4 Nc6 22. Bf2 Qe8 23. Rh3 Qd7 24. f5 Ne5 25. Bg1 e6 26. Rf1 Qe7 27. f6 Bxf6 28. Qh6 Ncd7 29. Qxh7+ Kf8 30. Be3 Ke8 31. Bh6 Kd8 32. Bg7 Kc7 33. Bxf6 Nxf6 34. Qh4 Ned7 35. Rhf3 g5 36. Qxg5 Rg8 37. Qh4 Rg6 38. b4 Rg4 39. Qh3 Rg6 40. b5 a5 41. Qh4 Rg4 42. Qe1 Kc8 43. Nc6 Qf8 44. Rxf6 Nxf6 45. Rxf6 Qg7 46. Qf2 Rxg2 47. Qxg2 Qxf6 48. e5 dxe5 49. Ne4 Qh8 50. Nd6+ Kc7 51. Qd2 Qh4 52. Nxe5 f6 53. Nxb7 Qe4+ 54. Kg1 Qb1+ 55. Kf2 fxe5 56. Nd6 Qg6 57. c5 Qf6+ 58. Ke2 Qh4 59. cxb6+ Kb8 60. Qc3 Qxh2+ 61. Kd3 Qh3+ 62. Kc2 Qg2+ 63. Kb3 Qd5+ 64. Nc4 Qd1+ 65. Ka3 Kb7 66. Nxa5+ Kxb6 67. Qc6+ 1-0

[Event "RUS-chT 11th"]
[Site "Sochi"]
[Date "2004.04.25"]
[Round "6.6"]
[White "Batsanin, Dmitry"]
[Black "Lysyj, Igor"]
[Result "1/2-1/2"]
[WhiteElo "2429"]
[BlackElo "2469"]
[PlyCount "89"]
[EventDate "2004.04.20"]
[EventType "team-tourn"]
[EventRounds "9"]
[EventCountry "RUS"]
[SourceTitle "EXT 2020"]
[Source "ChessBase"]
[SourceDate "2019.10.17"]
[SourceVersion "1"]
[SourceVersionDate "2019.10.17"]
[SourceQuality "1"]
[WhiteTeam "Vladivostok Debiut-DVGU"]
[BlackTeam "Nizhny Tagil Politekhnik"]
[WhiteTeamCountry "RUS"]
[BlackTeamCountry "RUS"]

1. e4 e6 2. d4 d5 3. Nd2 c5 4. exd5 exd5 5. Ngf3 Nc6 6. Bb5 Bd6 7. dxc5 Bxc5 8. 0-0 Nge7 9. Nb3 Bd6 10. Re1 0-0 11. Bg5 Bg4 12. Bh4 Qc7 13. Bg3 Rad8 14. c3 Ng6 15. Be2 Nf4 16. Bxf4 Bxf4 17. g3 Bh6 18. Nfd4 Bxe2 19. Qxe2 g6 20. Rad1 Bg7 21. Nf3 Qb6 22. Nbd4 Na5 23. Qb5 Qc7 24. Re2 Nc4 25. Rde1 a6 26. Qb3 Bf6 27. Kg2 Rd6 28. Qc2 Rb6 29. Qc1 Kg7 30. h4 h5 31. a4 Na5 32. b4 Nc4 33. Ng5 Qd7 34. Qf4 Rd6 35. a5 Qg4 36. Qc1 Bxd4 37. cxd4 Qxd4 38. Re7 Kg8 39. Nf3 Qg4 40. Re8 Re6 41. R1xe6 fxe6 42. Rxf8+ Kxf8 43. Qh6+ Kg8 44. Ng5 Ne3+ 45. fxe3 1/2-1/2

[Event "RUS-chT 11th"]
[Site "Sochi"]
[Date "2004.04.21"]
[Round "2.6"]
[White "Batsanin, Dmitry"]
[Black "Vorobiov, Evgeny E"]
[Result "1/2-1/2"]
[WhiteElo "2429"]
[BlackElo "2552"]
[PlyCount "129"]
[EventDate "2004.04.20"]
[EventType "team-tourn"]
[EventRounds "9"]
[EventCountry "RUS"]
[SourceTitle "EXT 2020"]
[Source "ChessBase"]
[SourceDate "2019.10.17"]
[SourceVersion "1"]
[SourceVersionDate "2019.10.17"]
[SourceQuality "1"]
[WhiteTeam "Vladivostok Debiut-DVGU"]
[BlackTeam "Samara Termosteps"]
[WhiteTeamCountry "RUS"]
[BlackTeamCountry "RUS"]

1. e4 c5 2. Nf3 d6 3. Bb5+ Nd7 4. d4 Ngf6 5. Nc3 a6 6. Bxd7+ Nxd7 7. 0-0 e6 8. Bg5 Qc7 9. Qd2 h6 10. Bh4 cxd4 11. Nxd4 g5 12. Bg3 Ne5 13. Rad1 Nc4 14. Qc1 Bd7 15. b3 Ne5 16. Nce2 Be7 17. f3 b5 18. Kh1 h5 19. Bf2 Qb7 20. Qd2 Rc8 21. Nc1 Ng6 22. Be3 g4 23. Qf2 Rh7 24. Nd3 h4 25. h3 gxh3 26. gxh3 Rh5 27. Rd2 e5 28. Ne2 Bxh3 29. Rg1 Be6 30. Nb4 a5 31. Nd5 Bxd5 32. exd5 Qd7 33. Qg2 Qf5 34. Qg4 Bd8 35. Kh2 Qxg4 36. fxg4 Rh7 37. Kh3 f6 38. c3 Rb7 39. Rf1 a4 40. Rf5 Rbc7 41. Rd3 axb3 42. axb3 Ra8 43. Bb6 Rf7 44. Bxd8 Kxd8 45. Rdf3 Ke7 46. c4 bxc4 47. bxc4 Ra2 48. Re3 Rd2 49. Nf4 Nxf4+ 50. Rxf4 Rg7 51. Rfe4 Rd1 52. Re1 Rxe1 53. Rxe1 f5 54. gxf5 Kf6 55. Kxh4 Kxf5 56. Rf1+ Ke4 57. Rf6 Kd4 58. Rxd6 Kxc4 59. Rd8 e4 60. d6 Kd3 61. Re8 Rd7 62. Re6 e3 63. Kg5 e2 64. Kf6 Kd2 65. Rxe2+ 1/2-1/2

[Event "RUS-chT 09th Group1"]
[Site "Ekaterinburg"]
[Date "2002.05.20"]
[Round "4"]
[White "Rustemov, Alexander"]
[Black "Batsanin, Dmitry"]
[Result "1-0"]
[WhiteElo "2598"]
[BlackElo "2403"]
[PlyCount "123"]
[EventDate "2002.05.17"]
[EventType "team-tourn"]
[EventRounds "7"]
[EventCountry "RUS"]
[SourceTitle "EXT 2020"]
[Source "ChessBase"]
[SourceDate "2019.10.17"]
[SourceVersion "1"]
[SourceVersionDate "2019.10.17"]
[SourceQuality "1"]
[WhiteTeam "Norilsk Norilsky Nikel"]
[BlackTeam "Vladivostok Debiut-DVGU"]
[WhiteTeamCountry "RUS"]
[BlackTeamCountry "RUS"]

1. Nf3 d5 2. g3 Nf6 3. Bg2 c6 4. b3 Bf5 5. Bb2 e6 6. d3 Bc5 7. 0-0 0-0 8. c4 Nbd7 9. a3 a5 10. Nbd2 h6 11. d4 Bd6 12. Re1 Ne4 13. e3 Qe7 14. h3 Rfd8 15. Qe2 Ndf6 16. Red1 Bh7 17. Nxe4 Nxe4 18. Ne1 Rab8 19. Nd3 b5 20. c5 Bc7 21. b4 a4 22. Kh2 f6 23. Rg1 Kh8 24. Bh1 Rg8 25. f3 Ng5 26. e4 Qf7 27. Rae1 Rbd8 28. Nf2 Rge8 29. h4 Qh5 30. Kg2 Nf7 31. e5 fxe5 32. dxe5 g5 33. hxg5 Nxg5 34. f4 Qxe2 35. Rxe2 Ne4 36. Ng4 Rg8 37. Kf3 Rg6 38. Nf6 Rg7 39. Rh2 Rg6 40. Bd4 Kg7 41. Nxe4 dxe4+ 42. Ke3 Rg4 43. Bxe4 Bxe4 44. Kxe4 Kg6 45. Rgh1 Rh8 46. Kf3 h5 47. Bf2 Rh7 48. Rd1 Kf5 49. Rh3 Kg6 50. Rxh5 Kxh5 51. Rh1+ Kg6 52. Rxh7 Rxg3+ 53. Bxg3 Kxh7 54. Bh4 Kg6 55. Kg4 Kh6 56. Bf6 Kg6 57. Bg5 Kf7 58. Kh5 Kg7 59. Bh4 Kf7 60. Kh6 Kf8 61. Kg6 Ke8 62. Kg7 1-0

[Event "RUS-chT 08th final B"]
[Site "Tomsk"]
[Date "2001.05.20"]
[Round "2"]
[White "Batsanin, Dmitry"]
[Black "Nizamov, Ildar"]
[Result "0-1"]
[WhiteElo "2435"]
[BlackElo "2405"]
[PlyCount "118"]
[EventDate "2001.05.19"]
[EventType "team-tourn"]
[EventRounds "3"]
[EventCountry "RUS"]
[SourceTitle "EXT 2020"]
[Source "ChessBase"]
[SourceDate "2019.10.17"]
[SourceVersion "1"]
[SourceVersionDate "2019.10.17"]
[SourceQuality "1"]
[WhiteTeam "Vladivostok Debiut-DVGU"]
[BlackTeam "Kazan Ladya"]
[WhiteTeamCountry "RUS"]
[BlackTeamCountry "RUS"]

1. e4 c5 2. Nf3 Nc6 3. Bb5 e6 4. 0-0 Nge7 5. c3 a6 6. Ba4 b5 7. Bc2 c4 8. d3 cxd3 9. Qxd3 Ng6 10. Qe2 Qc7 11. Be3 Be7 12. Nbd2 0-0 13. Rac1 d6 14. Nd4 e5 15. Nf5 Be6 16. Bb3 Qd7 17. Qd3 Rab8 18. Bd5 Rfc8 19. Rfd1 Bf8 20. Nb3 Rd8 21. Bg5 f6 22. Be3 Nce7 23. Nxe7+ Nxe7 24. c4 Nxd5 25. cxd5 Bf7 26. Na5 Rdc8 27. Nc6 Ra8 28. f3 Bg6 29. g4 Be8 30. Rc2 Qf7 31. Rdc1 Bd7 32. h3 h5 33. Kg2 Qg6 34. Kh2 Qh7 35. Kg2 Qg6 36. b4 Kh7 37. Bf2 Qe8 38. Be3 g6 39. Kh2 Qf7 40. Rg1 f5 41. gxf5 gxf5 42. Bg5 Bh6 43. Rcg2 Rg8 44. exf5 Bxf5 45. Qe3 Rxg5 46. Rxg5 Bg6 47. h4 Re8 48. Qa7 Qxa7 49. Nxa7 Bxg5 50. Rxg5 Bf7 51. Nc6 Bxd5 52. Rxh5+ Kg6 53. Rg5+ Kf6 54. Na5 Bxf3 55. Nb3 Rc8 56. Kg3 Bd5 57. Rh5 Rc3+ 58. Kf2 Bxb3 59. axb3 Rxb3 0-1

[Event "RUS-chT 08th Group1"]
[Site "Tomsk"]
[Date "2001.05.17"]
[Round "5"]
[White "Batsanin, Dmitry"]
[Black "Brodsky, Michail"]
[Result "1/2-1/2"]
[WhiteElo "2435"]
[BlackElo "2529"]
[PlyCount "44"]
[EventDate "2001.05.13"]
[EventType "team-tourn"]
[EventRounds "5"]
[EventCountry "RUS"]
[SourceTitle "EXT 2020"]
[Source "ChessBase"]
[SourceDate "2019.10.17"]
[SourceVersion "1"]
[SourceVersionDate "2019.10.17"]
[SourceQuality "1"]
[WhiteTeam "Vladivostok Debiut-DVGU"]
[BlackTeam "Maykop Universitet"]
[WhiteTeamCountry "RUS"]
[BlackTeamCountry "RUS"]

1. e4 c5 2. Nf3 d6 3. Bb5+ Bd7 4. Bxd7+ Qxd7 5. c4 Nc6 6. 0-0 Nf6 7. Nc3 e6 8. d4 cxd4 9. Nxd4 Be7 10. Nc2 0-0 11. Qe2 a6 12. Bf4 b6 13. Rfd1 Qc7 14. Rac1 Rfd8 15. Bg3 Qb7 16. f3 Rac8 17. Ne3 Na7 18. a4 Nc6 19. Na2 Ne8 20. b4 a5 21. b5 Nb8 22. Nc3 Nd7 1/2-1/2